• 首页
  • 本馆介绍
  • 公告通知
  • 最新文献
  • 馆藏检索
  • 电子资源
  • 读者导购
  • 参考咨询
  • 我的图书馆
  • 登录
  • 详细信息显示
  • 放入我的书架
  • 预约/预借图书
  • 作者相关作品
  • 分类相关作品
  • 丛书相关作品
  • 出版社相关作品

书目信息

  • 表格格式
  • 工作单格式
  • 卡片格式
题名:
实用教学新法
    
 
作者: 戴汝潜 , 张芃 著
分册:  
出版信息: 北京   北京大学出版社  1999
页数: 221页
开本: 20cm
丛书名: 地市教师进修丛书
单 册:
中图分类: G632.41 , G632.4
科图分类:
主题词: 教学法--中学教师--教材 , 教学法--小学教师--教材
电子资源:
ISBN: 7-301-04148-9
000 00997oam2 2200301 450
001 1540711322
005 20150126111848.98
010    @a7-301-04148-9@dCNY17.00
100    @a20011128d1999 em y0chiy50 ea
101 0  @achi
102    @aCN@b110000
105    @ay z 000yy
200 1  @a实用教学新法@9shi yong jiao xue xin fa@f戴汝潜,张芃著
210    @a北京@c北京大学出版社@d1999
215    @a221页@d20cm
225 2  @a地市教师进修丛书@h第一辑
300    @a全国中小学教师继续教育教材
330    @a本书分为三个部分:教学新法概说、教学新法创造的典型范例、教学新法蕴育教学新思想,论述了在教育观念向全面实施素质教育转化过程中的教学方法问题。
461  0 @12001 @a地市教师进修丛书
462  0 @12001@a地市教师进修丛书@h第一辑
606 0  @a教学法@x中学教师@j教材
606 0  @a教学法@x小学教师@j教材
690    @aG632.41@v5
690    @aG632.4@v4
701  0 @a戴汝潜@9dai ru qian@4著
701  0 @a张芃@9zhang peng@4著
801  0 @aCN@bTSSF@c20150126
905    @aZUCC@dG632.4@eJY33
    
    实用教学新法/戴汝潜,张芃著.-北京:北京大学出版社,1999
    221页;20cm.-(地市教师进修丛书.第一辑)
    全国中小学教师继续教育教材
    
    ISBN 7-301-04148-9:CNY17.00
    本书分为三个部分:教学新法概说、教学新法创造的典型范例、教学新法蕴育教学新思想,论述了在教育观念向全面实施素质教育转化过程中的教学方法问题。
●
相关链接 在E读中查询图书 在五车中查询图书 在当当中查询图书 在豆瓣中查询图书


正题名:实用教学新法     索取号:G632.4/JY33         预约/预借

序号 登录号 条形码 馆藏地/架位号 状态 备注
1 7859647   278596477   学院路分馆/ [索取号:G632.4/JY33] 在馆    
唐山师范学院图书馆 欢迎您!
大连网信软件有限公司© 版权所有